000 00930nam a22002897a 4500
003 CHAP
005 20220329143836.0
008 121106s19? mx r 00010 spa d
010 _a102645
011 _a103617
035 _a114306
040 _cCHAP
090 _aFolleto 18118
110 2 _aENA
_936669
245 1 0 _aDatos sobre la Escuela Nacional de Agricultura publicados en el tomo I de la revista El Ateneo Mexicano
_c/por Escuela Nacional de Agricultura
260 _aMéxico, D.F. :
_bENA,
_c[19?]
300 _a33 h.
500 _aRevista el Ateneo Mexicano, Tomo 1 -- 1844
590 _aBATCH-UPD
_b10
_c20130110
_lUCH01
_h1101
590 _aCONVERSION
_b10
_c20130109
_lUCH01
_h1356
650 1 4 _aENA
_xEstudiantes.
_936671
650 1 4 _aENA
_xHistoria.
_936672
650 1 4 _aENA
_xMaestros.
_936673
901 _aBK
942 _cFOLL
949 _aFolleto 18118
_bBC
_cUACH
_d33724002314545
_eTS1
_h18118
_i114306
_sb
999 _c102645
_d102645